<?xml version="1.0" encoding="UTF-8"?><?xml-stylesheet type="text/xsl" href="static/style.xsl"?><OAI-PMH xmlns="http://www.openarchives.org/OAI/2.0/" xmlns:xsi="http://www.w3.org/2001/XMLSchema-instance" xsi:schemaLocation="http://www.openarchives.org/OAI/2.0/ http://www.openarchives.org/OAI/2.0/OAI-PMH.xsd"><responseDate>2026-04-14T02:57:25Z</responseDate><request verb="GetRecord" identifier="oai:www.recercat.cat:10459.1/44709" metadataPrefix="marc">https://recercat.cat/oai/request</request><GetRecord><record><header><identifier>oai:recercat.cat:10459.1/44709</identifier><datestamp>2024-12-05T22:16:43Z</datestamp><setSpec>com_2072_3622</setSpec><setSpec>col_2072_479130</setSpec></header><metadata><record xmlns="http://www.loc.gov/MARC21/slim" xmlns:dcterms="http://purl.org/dc/terms/" xmlns:xsi="http://www.w3.org/2001/XMLSchema-instance" xmlns:doc="http://www.lyncode.com/xoai" xsi:schemaLocation="http://www.loc.gov/MARC21/slim http://www.loc.gov/standards/marcxml/schema/MARC21slim.xsd">
   <leader>00925njm 22002777a 4500</leader>
   <datafield ind2=" " ind1=" " tag="042">
      <subfield code="a">dc</subfield>
   </datafield>
   <datafield ind2=" " ind1=" " tag="720">
      <subfield code="a">Rodríguez Puerta, Francisco</subfield>
      <subfield code="e">author</subfield>
   </datafield>
   <datafield ind2=" " ind1=" " tag="720">
      <subfield code="a">Molina, C.</subfield>
      <subfield code="e">author</subfield>
   </datafield>
   <datafield ind2=" " ind1=" " tag="260">
      <subfield code="c">2012-02-15T10:31:53Z</subfield>
   </datafield>
   <datafield ind2=" " ind1=" " tag="260">
      <subfield code="c">2012-02-15T10:31:53Z</subfield>
   </datafield>
   <datafield ind2=" " ind1=" " tag="260">
      <subfield code="c">2003</subfield>
   </datafield>
   <datafield ind2=" " ind1=" " tag="520">
      <subfield code="a">El presente trabajo tiene por objetivo principal analizar tres funciones de perfil del fuste sobre tres clones de Populus x euramericana (Canadá Blanco, I-214 y MC) en la Comunidad Foral de Navarra para elaborar una tarifa de cubicación con clasificación de volumen. Para minimizar el efecto de la autocorrelación entre los residuos se emplea una estructura de error continua autorregresiva de orden 2 o de orden 3 en función del clon analizado. Por otra parte, se compara el coeficiente local de forma de cada uno de los clones estudiados mediante dos metodologías: el análisis de la varianza de la estimación individual de dicho coeficiente y el contraste del estadístico de máxima verosimilitud&#xd;
entre ajustes, resultando ser el clon Canadá el más cónico de los tres. Los datos utilizados provienen de 143 chopos de plantaciones coetáneas y con mismo marco de plantación (marco real de 4,5 × 4,5 m).</subfield>
   </datafield>
   <datafield ind2=" " ind1=" " tag="520">
      <subfield code="a">The present work analyzes three stem taper functions on three clones of Populus x euramericana (Canadá Blanco, I-214 and MC) in Navarre to elaborate a merchantable volume equation. To minimize the effect of the autocorrelation a continuous autoregressive error structure CAR(2) or CAR(3), depending the clone analyzed, is used. On the other hand, the local form exponent of the three clones is compared by two methods: the analysis of variance of the individual estimation of the local form exponent, and contrasting the maximum likelihood statistic between adjustments. The Canadá clone is the more conical clone of the three clones analyzed. The data come from 143 poplars in evenaged stands with the same frame of plantation (real frame at 4,5 × 4,5 m).</subfield>
   </datafield>
   <datafield ind1="8" ind2=" " tag="024">
      <subfield code="a">http://hdl.handle.net/10459.1/44709</subfield>
   </datafield>
   <datafield tag="653" ind2=" " ind1=" ">
      <subfield code="a">Clones de chopo</subfield>
   </datafield>
   <datafield tag="653" ind2=" " ind1=" ">
      <subfield code="a">Perfil de fuste</subfield>
   </datafield>
   <datafield tag="653" ind2=" " ind1=" ">
      <subfield code="a">Cilindricidad</subfield>
   </datafield>
   <datafield tag="653" ind2=" " ind1=" ">
      <subfield code="a">Navarra</subfield>
   </datafield>
   <datafield tag="653" ind2=" " ind1=" ">
      <subfield code="a">Pollancre -- Navarra</subfield>
   </datafield>
   <datafield tag="653" ind2=" " ind1=" ">
      <subfield code="a">Boscos i silvicultura -- Navarra</subfield>
   </datafield>
   <datafield tag="653" ind2=" " ind1=" ">
      <subfield code="a">Explotació forestal -- Navarra</subfield>
   </datafield>
   <datafield ind2="0" ind1="0" tag="245">
      <subfield code="a">Análisis de modelos de perfil del fuste y estudio de la cilindricidad  para tres clones de chopo (Populus x euramericana) en Navarra</subfield>
   </datafield>
   <datafield ind2="0" ind1="0" tag="245">
      <subfield code="a">Comparing stem taper functions and analysis the taper ratio of three poplar clones (Populus x euramericana) in Navarre</subfield>
   </datafield>
</record></metadata></record></GetRecord></OAI-PMH>